PLaneacin̤ estratǧica Fundamentos y casos /

Detalles Bibliográficos
Autor principal: Rojas Lp̤ez, Miguel David
Formato: eBook
Lenguaje:español
Publicado: Bogot ̀: Ediciones de la U, 2011
Materias:
Acceso en línea:Acceso restringido

MARC

LEADER 00000nam a22000007a 4500
005 20120423124031.0
007 cr|||| ||||
008 120423s2011 co |||||s|||| 00||0 spa d
020 |a 978-958-762-004-7 
035 |a 6289 
040 |d vLex 
090 |c 3134  |d 3134 
100 1 |a  Rojas Lp̤ez, Miguel David 
245 1 0 |a PLaneacin̤ estratǧica  |h [Recurso electrn̤ico] :  |b Fundamentos y casos /  |c Miguel David Rojas Lp̤ez 
256 |a Servicio en ln̕ea 
260 |a Bogot ̀:  |b Ediciones de la U,  |c 2011 
300 |a 1 recurso electrn̤ico 
506 1 |a Contenido solo disponible en los productos indicados  |d vLex Global   |d vLex Global (Academic Edition, excluding Law Schools)   |d vLex Global (U.S. Academic Edition, Law Schools)   |d vLex Global (U.S. Academic Edition, excluding Law Schools)   |d vLex Global (Academic Edition, Law Schools)  
650 0 4 |a Planificacin̤ estratǧica  |z Colombia 
740 0 |a vLex Libros (Servicio en ln̕ea) 
856 4 0 |u http://vlex.com/source/6289  |z Acceso restringido 
942 |c BOOK 
999 0 |a Strategic planning